| 000 | 01050nam a2200217 4500 | ||
|---|---|---|---|
| 001 | 124014 | ||
| 003 | ES-MaACL | ||
| 005 | 20250401134929.0 | ||
| 007 | t| | ||
| 008 | 070214s1949 mx r ||||1| spa d | ||
| 100 | 1 |
_aRand Morton, F. _995402 |
|
| 245 | 1 | 4 |
_aLos novelistas de la revolución mexicana / _cF. Rand Morton. |
| 260 |
_aMéxico : _bEditorial Cultural, _c1949. |
||
| 300 |
_a270 p. : _bil. ; _c24 cm. |
||
| 651 | 7 |
_9151495 _aMéxico- _xHistoria- _y1910-1917, Revolución armada |
|
| 852 |
_aES-MaACL _jD-6365 _bR.30175 _bR.M.5960 _9128605 _cSVI _fSello en tinta azul de la Biblioteca del Ateneo de Madrid _gAnotación manuscrita en cubierta: "26" _gAnotación manuscrita en hoja de guarda: "60 ptas" _zEn cubierta: "11. NOV. 1950" _zEtiqueta en hoja de guarda anterior: "Ínsula, Librería de Ciencias y Letras, [...], Madrid" |
||
| 942 |
_2udc _cMONOGRAFIA |
||
| 999 |
_c124014 _d124014 |
||